| 000 | 00915nam a2200253 i 4500 | ||
|---|---|---|---|
| 001 | 156072 | ||
| 003 | ES-MaACL | ||
| 005 | 20230906210318.0 | ||
| 008 | 931025s1769 sp ax |||| | lat d | ||
| 100 | 1 |
_aIriarte, Juan. _965440 |
|
| 245 | 1 | 0 |
_aRegiae bibliothecae matritensis codices graeci mss. / _cJoannes Iriarte ... ; volumen prius. |
| 260 |
_aMatriti : _be typographia Antonii Perez de Soto, _c1769. |
||
| 300 |
_a[12], XVIII, 579 p. ; _cfol. (37 cm) |
||
| 597 | _aSign.: a-c\p4\s, d\p2\s, e\p1\s, A-Z\p4\s, 2A-2Z\p4\s, 3A-3Z\p4\s, 4A-4C\p4\s, 4D\p2\s. | ||
| 597 | _aTexto a dos col. | ||
| 597 | _aAntep. | ||
| 597 | _aGrab. xil. en p. 5 y 13. | ||
| 650 | 4 |
_aMadrid. Biblioteca real- _y17-- _9136449 |
|
| 700 | 1 |
_aPerez de Soto, Antonio, _eimp. _9222511 |
|
| 752 |
_aEspaña - _dMadrid |
||
| 852 |
_aES-MaACL _jR-93 _z--Enc. pasta española _xB-461 |
||
| 999 |
_c156072 _d156072 |
||